Chemical engineering kinetics (Record no. 6589)

000 -LEADER
fixed length control field 00510nam a2200193 4500
001 - CONTROL NUMBER
control field 6589
003 - CONTROL NUMBER IDENTIFIER
control field BD-DhUET
008 - FIXED-LENGTH DATA ELEMENTS--GENERAL INFORMATION
fixed length control field 700825s1970 nyua b 001 0 eng
040 ## - CATALOGING SOURCE
Transcribing agency 0
Modifying agency BD-DhUET
Original cataloging agency DLC
082 00 - DEWEY DECIMAL CLASSIFICATION NUMBER
Classification number 541.39
Item number SMI/1970
100 ## - MAIN ENTRY--PERSONAL NAME
Personal name Smith, J. M.
245 10 - TITLE STATEMENT
Title Chemical engineering kinetics
250 ## - EDITION STATEMENT
Edition statement 2nd ed.
260 ## - PUBLICATION, DISTRIBUTION, ETC. (IMPRINT)
Place of publication, distribution, etc. New York
Name of publisher, distributor, etc. McGraw-Hill
Date of publication, distribution, etc. 1970
300 ## - PHYSICAL DESCRIPTION
Extent xviii, 612p.
Other physical details ill.
490 0# - SERIES STATEMENT
Series statement McGraw-Hill chemical engineering series
650 #0 - SUBJECT ADDED ENTRY--TOPICAL TERM
Topical term or geographic name as entry element Kinetics : Physical chemistry
942 ## - ADDED ENTRY ELEMENTS (KOHA)
Koha item type General Book
Holdings
Koha date last seen Sublocation or collection (holding branch) Price effective from Koha normalized classification for sorting Koha full call number Location (home branch) Piece designation (barcode) Copy number Withdrawn status Date acquired Lost status Damaged status Shelving location Koha item type Not for loan Source of classification or shelving scheme
2014-12-04Central Library, BUET2014-12-04541_390000000000000_SMI_1970541.39/SMI/1970Central Library, BUET845761 2014-12-04  Circulation sectionGeneral Book  
2014-12-12Central Library, BUET2014-12-12541_390000000000000_SMI_1970541.39/SMI/1970Central Library, BUET298652 2014-12-12  Circulation sectionGeneral Book  
2014-12-12Central Library, BUET2014-12-12541_390000000000000_SMI_1970541.39/SMI/1970Central Library, BUET298673 2014-12-12  Circulation sectionGeneral Book  
2014-12-12Central Library, BUET2014-12-12541_390000000000000_SMI_1970541.39/SMI/1970Central Library, BUET298634 2014-12-12  Circulation sectionGeneral Book  
2015-03-11Central Library, BUET2015-03-11541_390000000000000_SMI_1970541.39/SMI/1970Central Library, BUET298715 2015-03-11  Circulation sectionGeneral Book  
2015-03-14Central Library, BUET2015-03-14541_390000000000000_SMI_1970541.39/SMI/1970Central Library, BUET298686 2015-03-14  Circulation sectionGeneral Book  
2015-03-14Central Library, BUET2015-03-14541_390000000000000_SMI_1970541.39/SMI/1970Central Library, BUET370457 2015-03-14  Circulation sectionGeneral Book  
2015-04-23Central Library, BUET2015-04-23541_390000000000000_SMI_1970541.39/SMI/1970Central Library, BUET298698 2015-04-23  Circulation sectionGeneral Book  
2015-04-23Central Library, BUET2015-04-23541_390000000000000_SMI_1970541.39/SMI/1970Central Library, BUET298599 2015-04-23  Circulation sectionGeneral Book  
2015-04-26Central Library, BUET2015-04-26541_390000000000000_SMI_1970541.39/SMI/1970Central Library, BUET2987010 2015-04-26  Circulation sectionGeneral Book  
2015-04-26Central Library, BUET2015-04-26541_390000000000000_SMI_1970541.39/SMI/1970Central Library, BUET2986111 2015-04-26  Circulation sectionGeneral Book  
2015-04-27Central Library, BUET2015-04-27541_390000000000000_SMI_1970541.39/SMI/1970Central Library, BUET2596712 2015-04-27  Circulation sectionGeneral Book  
2015-04-27Central Library, BUET2015-04-27541_390000000000000_SMI_1970541.39/SMI/1970Central Library, BUET2986013 2015-04-27  Circulation sectionGeneral Book  
2015-06-08Central Library, BUET2015-06-08541_390000000000000_SMI_1970541.39/SMI/1970Central Library, BUET2986214 2015-06-08  Reading sectionReading Item  
2015-06-08Central Library, BUET2015-06-08541_390000000000000_SMI_1970541.39/SMI/1970Central Library, BUET2986615 2015-06-08  Reading sectionReading Item  
2015-06-08Central Library, BUET2015-06-08541_390000000000000_SMI_1970541.39/SMI/1970Central Library, BUET2987216 2015-06-08  Reading sectionReading Item  
2015-06-08Central Library, BUET2015-06-08541_390000000000000_SMI_1970541.39/SMI/1970Central Library, BUET2986417 2015-06-08  Reading sectionReading Item